Statistics for Guess The Lyrics #30

Click here to take the quiz!

General Stats

  • This quiz has been taken 574 times
  • The average score is 106 of 220

Answer Stats

% Correct
I
99%
A
98%
You
96%
you
96%
the
94%
be
84%
We
84%
we
84%
And
83%
and
83%
is
83%
me
82%
to
82%
in
80%
your
79%
it
77%
go
75%
my
75%
So
71%
When
70%
where
70%
Where
70%
can
69%
Of
69%
this
69%
This
69%
are
65%
What
65%
will
63%
For
62%
Hear
60%
heart
55%
see
54%
all
53%
have
53%
I’m
53%
then
51%
At
50%
But
45%
end
44%
never
43%
know
42%
from
40%
them
39%
take
38%
hand
35%
you’ll
35%
Feel
33%
I’ve
33%
we’ll
32%
Let
31%
fall
29%
together
29%
I’d
28%
Hold
26%
Put
25%
breath
24%
sky
23%
again
22%
Without
22%
Face
21%
away,
20%
stand
20%
start
20%
ten
20%
count
19%
may
19%
moment
18%
days
17%
crumbles
16%
move
16%
tall
16%
loving
15%
arms
14%
earth
14%
Skyfall
14%
skyfall
14%
dark
13%
name
13%
apart
10%
burst
10%
dreamt
10%
number,
10%
collide
8%
drowned
8%
harm
8%
Keeping
8%
miles
8%
overdue
8%
owe
8%
security
8%
stolen
8%
thousand
8%
worlds
8%
Swept
7%
poles
6%

Score Distribution

Percentile by Number Answered

Percent of People with Each Score

Your Score History

You have not taken this quiz